[Event "22nd ch-EUR Indiv 2022"]
[Site "Terme Catez SLO"]
[Date "2022.03.30"]
[Round "4.120"]
[White "Kenneskog, Theodor"]
[Black "Giacomini, Hector"]
[Result "1/2-1/2"]
[WhiteTitle "FM"]
[WhiteElo "2354"]
[BlackElo "2129"]
[WhiteFideId "1715011"]
[BlackFideId "605352"]
[EventDate "2022.03.27"]

1. e4 c6 2. Nf3 d5 3. d3 dxe4 4. dxe4 Qxd1+ 5. Kxd1 Nf6 6. Nbd2 Nbd7 7. Ne1 Nc5
8. f3 Nfd7 9. c3 e5 10. Nc4 f6 11. b4 Na4 12. Kc2 Kd8 13. Be3 Kc7 14. Nd3 Ndb6
15. Nd2 Be6 16. f4 Bd6 17. fxe5 fxe5 18. Be2 Nc4 19. Nxc4 Bxc4 20. Nc1 Bxe2 21.
Nxe2 b5 22. Rhf1 Rhf8 23. Rxf8 Rxf8 24. Rd1 a6 25. Ng1 Be7 26. Nf3 Bf6 27. Rf1
Be7 28. Rd1 Bf6 29. Bf2 Re8 30. g4 g6 31. g5 Bg7 32. Ne1 Bf8 33. Rd3 Bd6 34. Rf3
Rf8 35. Bg3 Rxf3 36. Nxf3 Nb6 37. Bxe5 Nc4 38. Bd4 Kd7 39. e5 Bc7 40. Kd3 Ke6
41. Ke4 Bb8 42. h3 Bc7 43. h4 Bb8 44. Bf2 Bxe5 45. Nd4+ Bxd4 46. Kxd4 Ne5 47.
Bg3 Nd7 48. Ke4 Nb6 49. Bf2 Nd7 50. Bd4 Kd6 51. Be3 Ke6 52. Bf2 Kd6 53. Bg3+ Ke6
54. Bc7 Ke7 55. Bg3 1/2-1/2

[Event "22nd ch-EUR Indiv 2022"]
[Site "Terme Catez SLO"]
[Date "2022.03.30"]
[Round "4.121"]
[White "Milikow, Yoav"]
[Black "Olenik Campa, Rudi"]
[Result "1/2-1/2"]
[WhiteTitle "FM"]
[BlackTitle "CM"]
[WhiteElo "2349"]
[BlackElo "2112"]
[WhiteFideId "2822237"]
[BlackFideId "14633264"]
[EventDate "2022.03.27"]

1. d4 Nf6 2. c4 e6 3. Nc3 d5 4. cxd5 exd5 5. Bg5 Be7 6. e3 c6 7. Bd3 O-O 8. Nge2
Re8 9. O-O a5 10. f3 h6 11. Bh4 Na6 12. Kh1 Nb4 13. Bb1 Bd7 14. a3 Na6 15. Qd3
g6 16. e4 Nc7 17. e5 Nh5 18. Bxe7 Qxe7 19. g4 Ng7 20. Rg1 c5 21. f4 cxd4 22.
Nxd4 Nge6 23. Nf5 Qf8 24. Ne2 Bb5 25. Qf3 Bxe2 26. Qxe2 Nxf4 27. Qd2 Nce6 28.
Bc2 Rec8 29. Raf1 Ra6 30. Ba4 Rc7 31. Bb5 Rb6 32. a4 Qb4 33. Qxb4 axb4 34. Nd6
Rc2 35. b3 f6 36. Rc1 Rxc1 37. Rxc1 fxe5 38. Nc8 Rxb5 39. axb5 e4 40. b6 e3 41.
Nd6 Nd3 42. Rc2 Nd4 43. Rc8+ Kg7 44. Nxb7 e2 45. Re8 Nf2+ 46. Kg2 Ne4 47. Rxe4
dxe4 48. Kf2 Nxb3 49. Nd6 Nc5 50. Kxe2 1/2-1/2

[Event "22nd ch-EUR Indiv 2022"]
[Site "Terme Catez SLO"]
[Date "2022.03.30"]
[Round "4.122"]
[White "Gramb, Marius"]
[Black "Unuk, Laura"]
[Result "1/2-1/2"]
[BlackTitle "IM"]
[WhiteElo "2107"]
[BlackElo "2346"]
[WhiteFideId "24656593"]
[BlackFideId "14609215"]
[EventDate "2022.03.27"]

1. e4 c6 2. d4 d5 3. e5 c5 4. dxc5 e6 5. a3 Bxc5 6. Qg4 Ne7 7. Nf3 Qb6 8. Bd3
Ng6 9. O-O Nc6 10. Nc3 Be7 11. Re1 Bd7 12. b4 h5 13. Qg3 O-O-O 14. Bxg6 h4 15.
Qg4 fxg6 16. h3 Rdf8 17. Be3 Qd8 18. Nb5 Rh5 19. c4 a6 20. cxd5 exd5 21. e6 axb5
22. exd7+ Qxd7 23. Qxg6 Qf5 24. Qxg7 Rh7 25. Qg4 Qxg4 26. hxg4 h3 27. Rac1 Bf6
28. Bd4 hxg2 29. Bxf6 Rxf6 30. Kxg2 Rhf7 31. Re3 d4 32. Nxd4 Rxf2+ 33. Kg3 Kc7
34. Nxb5+ Kb6 35. Nd6 Rf8 36. Nf5 R2xf5 37. gxf5 Rxf5 38. Kg4 Rf2 39. Kg3 Rf8
40. Rf3 Rg8+ 41. Kf2 Re8 42. Re3 Rd8 43. Ke1 Kb5 44. Rc2 Rd7 45. Rd2 Rh7 46. Kd1
Ka4 47. Kc2 Rh5 48. Red3 Rh1 49. Re2 Rh4 50. Kb2 Rh5 51. Rd7 Rh3 52. Re8 b6 53.
Ra8+ Kb5 54. Rd5+ Kc4 55. Rd2 Kb5 56. Rc8 Rh6 57. Rd5+ Kc4 58. Rd2 Kb5 59. Rd3
Ka6 60. Kb3 Kb7 61. Rg8 b5 62. Rg5 Kb6 63. Rdd5 Rh3+ 64. Kb2 Rh2+ 65. Kc3 Rh3+
66. Rd3 Rh6 67. Rdg3 Ne7 68. Rg7 Rc6+ 69. Kb2 Nf5 70. R7g6 Nxg3 71. Rxg3 Rh6 72.
Kc3 Kc6 73. Rf3 Rd6 74. Re3 Rh6 75. Kd4 Rd6+ 76. Ke5 Rd5+ 77. Ke4 Rh5 78. Rf3
Rh4+ 79. Kd3 Rh6 80. Kc3 Rd6 81. Kb3 Rh6 82. a4 bxa4+ 83. Kxa4 Kb6 84. Rg3 1/2-1/2

[Event "22nd ch-EUR Indiv 2022"]
[Site "Terme Catez SLO"]
[Date "2022.03.30"]
[Round "4.123"]
[White "Hulka, Valentyn"]
[Black "Sorm, Daniel"]
[Result "1/2-1/2"]
[BlackTitle "FM"]
[WhiteElo "2105"]
[BlackElo "2323"]
[WhiteFideId "34107061"]
[BlackFideId "5400139"]
[EventDate "2022.03.27"]

1. e4 c5 2. Nf3 d6 3. d4 cxd4 4. Nxd4 Nf6 5. Nc3 Nc6 6. Bg5 e6 7. Qd2 a6 8.
O-O-O Bd7 9. f4 h6 10. Bh4 Be7 11. Nb3 g5 12. fxg5 Ng4 13. Kb1 hxg5 14. Bg3 Nge5
15. Nd5 exd5 16. exd5 Nb8 17. Bxe5 dxe5 18. d6 Bf6 19. Bc4 Bc6 20. Rhe1 O-O 21.
h4 Nd7 22. hxg5 Bxg5 23. Qe2 Kg7 24. Qg4 f5 25. Qg3 Qf6 26. Nd4 Rae8 27. Ne6+
Rxe6 28. Bxe6 Qxe6 29. Qxg5+ Qg6 30. Qe7+ Rf7 31. Qe8 Rf6 32. Qd8 Qf7 33. Rd3 f4
34. Rh3 Qf8 35. Qc7 Rh6 36. Rd3 e4 37. Rd4 f3 38. gxf3 exf3 39. Qa5 f2 40. Qg5+
Kh7 41. Rf1 Qf6 1/2-1/2

[Event "22nd ch-EUR Indiv 2022"]
[Site "Terme Catez SLO"]
[Date "2022.03.30"]
[Round "4.124"]
[White "Stremavicius, Pijus"]
[Black "Novosel, Lovro"]
[Result "1-0"]
[WhiteTitle "FM"]
[WhiteElo "2320"]
[BlackElo "2099"]
[WhiteFideId "12812730"]
[BlackFideId "14547120"]
[EventDate "2022.03.27"]

1. b3 Nf6 2. Bb2 c5 3. c4 d6 4. g3 Nbd7 5. Bg2 e6 6. f4 Be7 7. Nf3 O-O 8. O-O
Rb8 9. Nc3 a6 10. d3 b5 11. e4 Qc7 12. Qe2 b4 13. Nd1 Bb7 14. Nf2 Nb6 15. g4
Nfd7 16. g5 Rfe8 17. Ng4 d5 18. h4 dxe4 19. dxe4 Bd6 20. e5 Bf8 21. h5 Nc8 22.
Rad1 Bc6 23. g6 fxg6 24. hxg6 h6 25. Ng5 Rb6 26. Rxd7 Qxd7 27. Nf6+ gxf6 28.
exf6 Bg7 29. f7+ Kf8 30. Nh7+ Ke7 31. Bxg7 Bxg2 32. Bf6+ Kd6 33. Rd1+ Bd5 34.
Rxd5+ exd5 35. fxe8=Q 1-0

[Event "22nd ch-EUR Indiv 2022"]
[Site "Terme Catez SLO"]
[Date "2022.03.30"]
[Round "4.125"]
[White "Karsay, Pascal"]
[Black "Hryzlova, Sofiia"]
[Result "1-0"]
[WhiteTitle "FM"]
[BlackTitle "WCM"]
[WhiteElo "2310"]
[BlackElo "2097"]
[WhiteFideId "12953474"]
[BlackFideId "14174669"]
[EventDate "2022.03.27"]

1. c4 Nf6 2. Nc3 e5 3. Nf3 d6 4. g3 g6 5. Bg2 Bg7 6. O-O c6 7. e4 O-O 8. d4 Nbd7
9. h3 a5 10. Be3 Qe7 11. Qc2 Rb8 12. d5 cxd5 13. Nxd5 Nxd5 14. cxd5 b6 15. Rfc1
Nc5 16. a3 f5 17. exf5 Bxf5 18. Qd1 a4 19. g4 Be4 20. Rc4 b5 21. Rb4 Bd3 22. Ng5
e4 23. Bf1 Na6 24. Bxd3 Nxb4 25. Bxe4 Na6 26. Ne6 Nc7 27. Rc1 Nxe6 28. dxe6 Bxb2
29. Rc6 Be5 30. Bd5 Kh8 31. Qc1 Qh4 32. Kg2 Rbe8 33. f4 Bg7 34. g5 Re7 35. Rc8
h6 36. Rxf8+ Bxf8 37. Bf2 Rc7 38. e7 1-0

[Event "22nd ch-EUR Indiv 2022"]
[Site "Terme Catez SLO"]
[Date "2022.03.30"]
[Round "4.126"]
[White "Tancsa, Tamas"]
[Black "Urh, Zala"]
[Result "1/2-1/2"]
[BlackTitle "WIM"]
[WhiteElo "2096"]
[BlackElo "2307"]
[WhiteFideId "783749"]
[BlackFideId "14611481"]
[EventDate "2022.03.27"]

1. e4 c6 2. d4 d5 3. e5 c5 4. dxc5 e6 5. a3 Bxc5 6. Nf3 Nd7 7. Bd3 f6 8. b4 Be7
9. Bb2 a5 10. O-O axb4 11. axb4 Rxa1 12. Bxa1 Bxb4 13. c4 fxe5 14. cxd5 exd5 15.
Qb3 Qa5 16. Nxe5 Ndf6 17. Bc3 Bxc3 18. Bb5+ Kf8 19. Nxc3 Ne7 20. Ne2 g6 21. Nd4
Kg7 22. Qe3 Nf5 23. Nxf5+ Bxf5 24. Qc5 Re8 25. f4 Be4 26. g4 Re6 27. Rc1 Ne8 28.
Bxe8 Qxc5+ 29. Rxc5 Rxe8 30. Rc7+ Kg8 31. Kf2 b5 32. g5 Ra8 33. Ng4 b4 34. Nf6+
Kf8 35. Nxh7+ Ke8 36. Nf6+ Kd8 37. Rb7 Ra2+ 38. Ke3 Rxh2 39. Nxe4 Rh3+ 40. Kd4
dxe4 41. Kxe4 b3 42. Ke5 Rf3 43. Rb6 Kc7 44. Rb4 Kc6 45. Kf6 Kc5 46. Rxb3 Rxb3
47. Kxg6 Rf3 48. f5 Kd5 49. Kf6 Ke4 50. g6 Rxf5+ 51. Ke6 Ra5 52. g7 Ra8 53. Kf7
Kf5 54. g8=Q Rxg8 55. Kxg8 Ke5 1/2-1/2

[Event "22nd ch-EUR Indiv 2022"]
[Site "Terme Catez SLO"]
[Date "2022.03.30"]
[Round "4.127"]
[White "Gregoric, Andraz"]
[Black "Taichman, Ori"]
[Result "1-0"]
[BlackTitle "FM"]
[WhiteElo "2091"]
[BlackElo "2297"]
[WhiteFideId "14629461"]
[BlackFideId "2804069"]
[EventDate "2022.03.27"]

1. e4 e5 2. Nf3 d6 3. d4 exd4 4. Nxd4 Nf6 5. Nc3 Be7 6. Be2 O-O 7. O-O Re8 8. f4
Bf8 9. Bf3 c5 10. Nde2 Nc6 11. h3 Bd7 12. b3 a6 13. Bb2 b5 14. Qd3 c4 15. bxc4
Qb6+ 16. c5 dxc5 17. Nd5 Nxd5 18. Qxd5 Rad8 19. Qg5 Na5 20. Rae1 Nc4 21. Bc1 Bc6
22. Nc3 Qa5 23. Nd1 Qxa2 24. Re2 h6 25. Qh4 Nd6 26. Nf2 f5 27. Bh5 Nf7 28. Rfe1
Bxe4 29. Nxe4 fxe4 30. f5 Rd7 31. f6 g5 32. Qg4 Rd6 33. Qf5 Red8 34. Qg6+ Kh8
35. Qxf7 Qxf7 36. Bxf7 Kh7 37. Bb2 Rd2 38. Bh5 c4 39. Rxe4 Bc5+ 40. Kh1 Rxc2 41.
Re7+ Kh8 42. Re8+ Rxe8 43. Rxe8+ Kh7 44. Re7+ Bxe7 45. fxe7 Rxb2 46. e8=Q Rb1+
47. Kh2 Rf1 48. Qg6+ Kh8 49. Qxh6+ Kg8 50. Qxa6 Rf4 51. Qxb5 Rf2 52. Qxc4+ Kh7
53. Qc5 Rf1 54. Be2 Re1 55. Qxg5 Ra1 56. Qh5+ Kg8 57. Bc4+ Kg7 58. Qe5+ 1-0

[Event "22nd ch-EUR Indiv 2022"]
[Site "Terme Catez SLO"]
[Date "2022.03.30"]
[Round "4.128"]
[White "Royal, Shreyas"]
[Black "Rozman, Monika"]
[Result "1/2-1/2"]
[WhiteTitle "FM"]
[BlackTitle "WFM"]
[WhiteElo "2296"]
[BlackElo "2094"]
[WhiteFideId "448869"]
[BlackFideId "14609118"]
[EventDate "2022.03.27"]

1. d4 d5 2. c4 c6 3. Nf3 Nf6 4. Nc3 dxc4 5. a4 Bf5 6. Ne5 e6 7. g3 Bb4 8. Bg2
Ne4 9. O-O Nxc3 10. bxc3 Bxc3 11. Nxc4 O-O 12. Ba3 Bxa1 13. Qxa1 Nd7 14. a5 Nf6
15. Bxf8 Qxf8 16. a6 bxa6 17. Qxa6 Be4 18. Bxe4 Nxe4 19. Qxc6 Nc3 20. Qf3 Nb5
21. e3 Rc8 22. Ne5 h6 23. Rb1 Nd6 24. Ra1 Rc7 25. Nd3 Qb8 26. Nc5 Kh7 27. Ra6
Qb1+ 28. Kg2 Nc4 29. Qe4+ Qxe4+ 30. Nxe4 Kg8 31. Kf3 e5 32. Nc5 exd4 33. exd4
Re7 34. Ra4 Nb6 35. Ra2 Kf8 36. Nd3 Nd5 37. Ne5 Rc7 38. Ra5 Nb6 39. Ke4 Ke7 40.
Rxa7 Rxa7 41. Nc6+ Ke6 42. Nxa7 Nd5 43. Nb5 Nf6+ 44. Kf4 g5+ 45. Kf3 Kd5 46. h3
Ne4 47. Ke3 f5 48. Nc7+ Kd6 49. Na6 Nf6 50. Nb4 Nh5 51. Kd3 Nf6 52. Nc2 Ne4 53.
Ke2 Nc3+ 54. Kf3 Ke6 55. Ne3 Nb5 56. Nc2 Kd5 57. Ke3 Kc4 58. f4 Kc3 59. fxg5
hxg5 60. Ne1 Nxd4 61. Nf3 Nxf3 62. Kxf3 Kd4 63. g4 Ke5 64. gxf5 Kxf5 65. Kg3 Kg6
66. Kg4 Kh6 67. h4 gxh4 68. Kxh4 1/2-1/2

[Event "22nd ch-EUR Indiv 2022"]
[Site "Terme Catez SLO"]
[Date "2022.03.30"]
[Round "4.129"]
[White "Zirkelbach, Maj"]
[Black "Yakimenko, Alexander A."]
[Result "1-0"]
[WhiteTitle "FM"]
[WhiteElo "2295"]
[BlackElo "2064"]
[WhiteFideId "14613395"]
[BlackFideId "24141917"]
[EventDate "2022.03.27"]

1. d4 e6 2. Nf3 Nf6 3. c4 b6 4. g3 Ba6 5. b3 Bb4+ 6. Bd2 Be7 7. Bg2 O-O 8. O-O
Bb7 9. Bc3 d5 10. Nbd2 Nbd7 11. Ne5 Ne4 12. Nxe4 dxe4 13. Qc2 f5 14. Nxd7 Qxd7
15. f3 exf3 16. Bxf3 Bxf3 17. exf3 Bf6 18. Rad1 Rad8 19. Rfe1 Qc6 20. Re3 Rfe8
21. Qe2 Kf7 22. Kg2 a6 23. Kh3 b5 24. g4 bxc4 25. bxc4 Bg5 26. Re5 Bf4 27. Rc5
Qd6 28. Qc2 fxg4+ 29. fxg4 e5 30. Kg2 Kg8 31. h3 e4 32. Qe2 Qe6 33. Rf5 Bd6 34.
c5 Bf8 35. d5 Qg6 36. Qc4 Kh8 37. Be5 Rc8 38. Re1 Bd6 39. Bc3 Bf8 40. Be5 Bd6
41. Bxd6 cxd6 42. c6 e3 43. Qd3 Kg8 44. Rxe3 Rxe3 45. Qxe3 Re8 46. Qf4 h5 47.
Qg5 Re2+ 48. Kg3 Qe8 49. c7 Re3+ 50. Kh4 Kh7 51. Qxh5+ Kg8 52. c8=Q 1-0

[Event "22nd ch-EUR Indiv 2022"]
[Site "Terme Catez SLO"]
[Date "2022.03.30"]
[Round "4.130"]
[White "Dalaud, Dorian"]
[Black "Miftari, Hedon"]
[Result "1-0"]
[WhiteTitle "FM"]
[WhiteElo "2293"]
[BlackElo "1987"]
[WhiteFideId "36093270"]
[BlackFideId "15007065"]
[EventDate "2022.03.27"]

1. e4 c5 2. Nf3 Nc6 3. Nc3 Nf6 4. Bb5 Qc7 5. O-O e5 6. d3 a6 7. Bc4 Be7 8. Ng5
O-O 9. f4 h6 10. Nh3 exf4 11. Nxf4 d6 12. Ng6 Re8 13. Nd5 Nxd5 14. Bxd5 Be6 15.
Bxe6 fxe6 16. Qg4 Bf6 17. c3 Kh7 18. Bxh6 Kxh6 19. Rf3 Kh7 20. Qh5+ Kg8 21. Rxf6 1-0

[Event "22nd ch-EUR Indiv 2022"]
[Site "Terme Catez SLO"]
[Date "2022.03.30"]
[Round "4.131"]
[White "Loukopoulos, Panagiotis-Athanasi"]
[Black "Rubil, Marko"]
[Result "1-0"]
[BlackTitle "FM"]
[WhiteElo "2020"]
[BlackElo "2293"]
[WhiteFideId "4293835"]
[BlackFideId "14501546"]
[EventDate "2022.03.27"]

1. e4 e5 2. Nf3 Nc6 3. Bc4 Bc5 4. O-O Nf6 5. d3 a6 6. a4 Ba7 7. Re1 d6 8. c3 h6
9. Nbd2 g5 10. b4 g4 11. Nh4 Nxe4 12. Nxe4 Qxh4 13. b5 Na5 14. Bd5 f5 15. Ng3 c6
16. Ba2 Rf8 17. d4 e4 18. Bf4 d5 19. Bc7 Nc4 20. Bxc4 dxc4 21. bxc6 bxc6 22. Qe2
Qe7 23. Be5 c5 24. Qxc4 Bb7 25. Rab1 Rd8 26. Nh5 Rf7 27. Nf4 Bc8 28. Rb2 h5 29.
Reb1 h4 30. Nd5 Be6 31. Nc7+ Qxc7 32. Qxe6+ Qe7 33. Qg6 Rd7 34. Qxa6 cxd4 35.
Bxd4 Bxd4 36. Rb8+ Rd8 37. cxd4 Kf8 38. Qh6+ Kg8 39. Qg6+ Kf8 40. Qh6+ Kg8 41.
R1b7 Rxb8 42. Rxb8+ Rf8 43. Rxf8+ Qxf8 44. Qxf8+ Kxf8 45. a5 1-0

[Event "22nd ch-EUR Indiv 2022"]
[Site "Terme Catez SLO"]
[Date "2022.03.30"]
[Round "4.132"]
[White "Arsenie, Cristian Marc"]
[Black "Prokofiev, Valentyn"]
[Result "0-1"]
[WhiteElo "1952"]
[BlackElo "2287"]
[WhiteFideId "1345923"]
[BlackFideId "14160161"]
[EventDate "2022.03.27"]

1. e4 e5 2. Nf3 Nc6 3. Bc4 Bc5 4. c3 Nf6 5. d4 exd4 6. e5 d5 7. Bb5 Ne4 8. cxd4
Bb6 9. Nc3 O-O 10. Be3 Be6 11. O-O Ne7 12. Bd3 f5 13. exf6 Nxf6 14. Ng5 Bd7 15.
Qc2 h6 16. Nf3 Ng4 17. h3 Nxe3 18. fxe3 Be6 19. Ne2 Nf5 20. Ne5 Qg5 21. Nf4 Rf6
22. Rae1 Bf7 23. Nxf7 Rxf7 24. Ne6 Nxe3 25. Qe2 Nxf1 26. Nxg5 Bxd4+ 27. Kh1 Ng3+
28. Kh2 Nxe2 29. Nxf7 Nf4 30. Ne5 Bxe5 0-1

[Event "22nd ch-EUR Indiv 2022"]
[Site "Terme Catez SLO"]
[Date "2022.03.30"]
[Round "4.133"]
[White "Murko, David"]
[Black "Chennaoui, Yasin"]
[Result "0-1"]
[WhiteElo "2273"]
[BlackElo "2015"]
[WhiteFideId "14613891"]
[BlackFideId "1330667"]
[EventDate "2022.03.27"]

1. e4 d6 2. d4 Nf6 3. Nc3 e5 4. Nf3 Nbd7 5. g4 h6 6. g5 hxg5 7. Bxg5 Be7 8. Rg1
c6 9. Be3 g6 10. Bc4 b5 11. Bb3 b4 12. Ng5 bxc3 13. Bxf7+ Kf8 14. Ne6+ Kxf7 15.
Nxd8+ Bxd8 16. b3 Rh4 17. Qd3 exd4 18. Qxd4 Ne5 19. O-O-O Nxe4 20. f4 Bf5 21.
fxe5 Bb6 22. Qc4+ d5 23. Qxc6 Bxe3+ 24. Kb1 Rd8 25. Rgf1 Rhh8 26. Rxd5 Rxd5 27.
Qxd5+ Kg7 28. Rd1 Rxh2 29. e6 Rxc2 30. Kxc2 Nf6+ 31. Qxf5 gxf5 32. Kxc3 Kf8 33.
Kc4 Ke7 34. b4 Kxe6 35. a4 f4 36. b5 Ne4 37. a5 f3 38. Kd3 Nf2+ 39. Kxe3 Nxd1+
40. Kxf3 Kd6 41. b6 a6 42. Ke4 Nc3+ 43. Kd4 Nb5+ 44. Kc4 Kc6 45. Kb4 Nd6 46. Ka4
Kc5 47. Ka3 Kb5 48. Kb3 Nb7 49. Ka3 Nxa5 0-1

[Event "22nd ch-EUR Indiv 2022"]
[Site "Terme Catez SLO"]
[Date "2022.03.30"]
[Round "4.134"]
[White "Lauda, Alexandr"]
[Black "Zelcic, Robert"]
[Result "0-1"]
[BlackTitle "GM"]
[WhiteElo "1789"]
[BlackElo "2513"]
[WhiteFideId "13903179"]
[BlackFideId "14500310"]
[EventDate "2022.03.27"]

1. e4 Nf6 2. e5 Nd5 3. d4 d6 4. c4 Nb6 5. f4 dxe5 6. fxe5 Nc6 7. Be3 Bf5 8. Nc3
e6 9. Nf3 Bg4 10. Be2 Bxf3 11. gxf3 Qh4+ 12. Bf2 Qf4 13. c5 Nd7 14. Qc1 Qxc1+
15. Rxc1 O-O-O 16. a3 g6 17. Be3 Ne7 18. Bd3 Nxe5 19. dxe5 Rxd3 20. Ke2 Rd7 21.
Bg5 Bg7 22. f4 Nf5 23. Rhd1 Rd4 24. Nb5 Re4+ 25. Kf2 h6 26. Nd6+ Nxd6 27. cxd6
hxg5 28. Rxc7+ Kb8 29. Rdc1 Rxf4+ 30. Ke3 Bxe5 0-1

[Event "22nd ch-EUR Indiv 2022"]
[Site "Terme Catez SLO"]
[Date "2022.03.30"]
[Round "4.135"]
[White "Lorscheid, Gerhard"]
[Black "Barp, Alberto"]
[Result "0-1"]
[WhiteTitle "FM"]
[BlackTitle "IM"]
[WhiteElo "2150"]
[BlackElo "2388"]
[WhiteFideId "4606000"]
[BlackFideId "872555"]
[EventDate "2022.03.27"]

1. d4 Nf6 2. Nf3 d5 3. Bf4 c5 4. dxc5 e6 5. e3 Bxc5 6. Be2 Nc6 7. O-O O-O 8. c4
Qe7 9. Nc3 Rd8 10. cxd5 exd5 11. Na4 Bd6 12. Bxd6 Rxd6 13. Nd4 Ne4 14. Nxc6 bxc6
15. Qd4 Rh6 16. Nc3 Bf5 17. Nxe4 Bxe4 18. g3 c5 19. Qd2 Qh4 0-1

[Event "22nd ch-EUR Indiv 2022"]
[Site "Terme Catez SLO"]
[Date "2022.03.30"]
[Round "4.136"]
[White "Fruebing, Stefan"]
[Black "Krzywda, Andrzej"]
[Result "1/2-1/2"]
[WhiteTitle "IM"]
[BlackTitle "CM"]
[WhiteElo "2374"]
[BlackElo "2152"]
[WhiteFideId "4682165"]
[BlackFideId "1114565"]
[EventDate "2022.03.27"]

1. e4 c5 2. Nf3 d6 3. d4 cxd4 4. Nxd4 Nf6 5. Nc3 a6 6. Be3 e5 7. Nf3 Be7 8. Bc4
O-O 9. O-O Nc6 10. Qe2 h6 11. Rfd1 Qc7 12. Bb3 Na5 13. Rac1 Be6 14. Nd5 Nxd5 15.
Bxd5 Nc4 16. b3 Nxe3 17. Qxe3 Bg4 18. c4 Kh8 19. Rc3 a5 20. h3 Bd7 21. g4 Rac8
22. Rdd3 b6 23. Kg2 Qc5 24. Kg3 Kg8 25. Qc1 b5 26. cxb5 Qxb5 27. Rxc8 Rxc8 28.
Rc3 Rxc3 29. Qxc3 Bd8 30. Qc4 Qxc4 31. Bxc4 g6 1/2-1/2

[Event "22nd ch-EUR Indiv 2022"]
[Site "Terme Catez SLO"]
[Date "2022.03.30"]
[Round "4.137"]
[White "Vaupot, Luka"]
[Black "Pasztor, Balazs"]
[Result "0-1"]
[BlackTitle "FM"]
[WhiteElo "2083"]
[BlackElo "2338"]
[WhiteFideId "14627671"]
[BlackFideId "774723"]
[EventDate "2022.03.27"]

1. d4 Nf6 2. c4 e6 3. Nf3 d5 4. g3 Bb4+ 5. Bd2 Be7 6. Bg2 O-O 7. O-O c6 8. Qc2
b6 9. Rd1 Nbd7 10. Bf4 Bb7 11. Nc3 Rc8 12. e4 dxc4 13. a4 a6 14. h4 h6 15. Qc1
Kh7 16. Qc2 Kg8 17. Qc1 Kh7 18. Qc2 Kh8 19. Qc1 b5 20. Bxh6 gxh6 21. Qxh6+ Nh7
22. e5 Rg8 23. Ne4 Rg6 24. Qh5 Kg7 25. Nc5 Nxc5 26. dxc5 Qc7 27. Rd6 Rh8 28.
Rad1 Nf8 0-1

[Event "22nd ch-EUR Indiv 2022"]
[Site "Terme Catez SLO"]
[Date "2022.03.30"]
[Round "4.138"]
[White "Stevanic, David"]
[Black "Debevec, Blaz"]
[Result "1/2-1/2"]
[WhiteTitle "FM"]
[BlackTitle "CM"]
[WhiteElo "2306"]
[BlackElo "2084"]
[WhiteFideId "14613921"]
[BlackFideId "14605813"]
[EventDate "2022.03.27"]

1. e4 e5 2. d4 exd4 3. Qxd4 Nc6 4. Qd3 Nf6 5. Nc3 Bc5 6. f3 h6 7. Bf4 d6 8.
O-O-O Be6 9. Kb1 O-O 10. g4 Ne5 11. Qe2 Qe8 12. g5 Nh5 13. Be3 Bb4 14. Nd5 Bxd5
15. Rxd5 c6 16. Rd1 g6 17. gxh6 b5 18. Nh3 Nc4 19. Nf4 Nxe3 20. Nxh5 Qe5 21.
Qxe3 Qxh5 22. h4 Kh7 23. Bh3 Bc5 24. Qf4 Qxh6 25. Qg3 Rad8 26. f4 f6 27. e5 fxe5
28. fxe5 Qf4 29. Qd3 Qf3 30. Qxf3 Rxf3 31. Bg2 Re3 32. Bxc6 b4 33. exd6 Rxd6 34.
Bd5 Re5 35. Bf3 Rxd1+ 36. Bxd1 Bf2 37. h5 gxh5 38. Bxh5 Re1+ 39. Rxe1 Bxe1 40.
Kc1 Kg7 41. Kd1 Bg3 42. Ke2 Be5 43. b3 Kf6 44. Kd3 a5 45. Kc4 Bc7 46. Kd5 Kg5
47. Be8 Kf4 48. Kd4 Bb6+ 49. Kc4 Ke3 50. c3 bxc3 51. Kxc3 Bd8 52. b4 axb4+ 1/2-1/2

[Event "22nd ch-EUR Indiv 2022"]
[Site "Terme Catez SLO"]
[Date "2022.03.30"]
[Round "4.139"]
[White "Henseler, Jorgen"]
[Black "Hasanzade, Toghrul"]
[Result "0-1"]
[BlackTitle "IM"]
[WhiteElo "2059"]
[BlackElo "2297"]
[WhiteFideId "1023233"]
[BlackFideId "13407716"]
[EventDate "2022.03.27"]

1. e4 c6 2. d4 g6 3. Nc3 Bg7 4. Be3 d5 5. Qd2 dxe4 6. Nxe4 f5 7. Nc3 Nf6 8. Nf3
Be6 9. Be2 Nbd7 10. O-O h6 11. Rad1 g5 12. d5 Nxd5 13. Nd4 Bxd4 14. Bh5+ Bf7 15.
Bxf7+ Kxf7 16. Bxd4 e5 17. Nxd5 cxd5 18. Bc3 d4 19. Qd3 Qf6 20. Qb5 Qc6 21. Qd3
Nf6 22. Bd2 Qe4 23. Qc4+ Qd5 24. Qd3 e4 25. Qa3 Qc6 26. c3 d3 27. f3 Qb6+ 28.
Kh1 e3 29. Bxe3 Qxe3 30. Rfe1 Qf4 31. Re7+ Kg6 32. Qb3 Rhf8 33. Rxd3 Rae8 34. g3
Qc1+ 0-1

[Event "22nd ch-EUR Indiv 2022"]
[Site "Terme Catez SLO"]
[Date "2022.03.30"]
[Round "4.140"]
[White "Kastelic, Marian"]
[Black "Bashylina, Luisa"]
[Result "1-0"]
[WhiteTitle "FM"]
[BlackTitle "WFM"]
[WhiteElo "2287"]
[BlackElo "2043"]
[WhiteFideId "14602245"]
[BlackFideId "12983292"]
[EventDate "2022.03.27"]

1. d4 Nf6 2. Nf3 g6 3. c4 Bg7 4. d5 c6 5. d6 O-O 6. Nc3 exd6 7. Qxd6 Re8 8. Bg5
h6 9. Bh4 g5 10. Bg3 Qb6 11. Rb1 Re6 12. Qd2 d5 13. e3 Ne4 14. Nxe4 dxe4 15. Nd4
Re8 16. Be2 Rd8 17. Qc2 Qb4+ 18. Kf1 Qe7 19. c5 Bxd4 20. Bd6 Qf6 21. exd4 Bf5
22. Be5 Qg6 23. g4 Be6 24. h4 f6 25. Bd6 Nd7 26. f4 gxf4 27. Bxf4 Kf7 28. h5 Qh7
29. b4 Bd5 30. b5 f5 31. bxc6 bxc6 32. Rb7 Ke6 33. Ke1 Qg7 34. gxf5+ Kxf5 35.
Rf1 Ke6 36. Qc3 Qg2 37. Rf2 Qg1+ 38. Bf1 Nf6 39. Qh3+ Qg4 40. Be5 1-0

[Event "22nd ch-EUR Indiv 2022"]
[Site "Terme Catez SLO"]
[Date "2022.03.30"]
[Round "4.141"]
[White "Damia, Angelo"]
[Black "Maksimovic, Masa"]
[Result "1/2-1/2"]
[WhiteTitle "IM"]
[BlackTitle "WFM"]
[WhiteElo "2223"]
[BlackElo "2063"]
[WhiteFideId "812668"]
[BlackFideId "14408902"]
[EventDate "2022.03.27"]

1. e4 c5 2. Nf3 Nc6 3. d4 cxd4 4. Nxd4 Nf6 5. Nc3 d6 6. Bc4 e6 7. Be3 a6 8. Qe2
Qc7 9. O-O-O Bd7 10. Bb3 b5 11. Bg5 Be7 12. Bxf6 gxf6 13. Qh5 Nxd4 14. Rxd4 Qc5
15. Qd1 b4 16. Na4 Qa5 17. c3 bxc3 18. Nxc3 Rc8 19. Ba4 Bxa4 20. Qxa4+ Qxa4 21.
Rxa4 Rc6 22. Kd2 Rg8 23. g3 Rg5 24. Ne2 Rb6 25. b3 f5 26. h4 Rg4 27. f3 Rg8 28.
exf5 d5 29. Rc1 Kd7 30. fxe6+ fxe6 31. Ke3 e5 32. Ra5 Ke6 33. Rd1 Rd8 34. f4 Bb4
35. f5+ Kxf5 36. Raxd5 Rxd5 37. Rxd5 a5 38. Nd4+ Kg4 39. Rxe5 Kxg3 40. Rg5+ Kxh4
41. Nf3+ Kh3 42. Kf2 Rg6 43. Rh5+ Kg4 44. Rh4+ Kf5 45. Rxh7 Ke4 46. Rh4+ Kd5 47.
Rd4+ Kc5 48. Rc4+ Kb6 49. Ne5 Rh6 50. Kg2 Rh5 51. Nd7+ Kb7 52. Nf6 Rg5+ 53. Ng4
Rd5 54. Rc2 Rd2+ 55. Rxd2 Bxd2 56. a4 Kc6 57. Nf6 Bc1 58. Kf3 Kc5 59. Ke2 Kb4 1/2-1/2